| 000 | 00521nam a2200193Ia 4500 | ||
|---|---|---|---|
| 003 | GCL | ||
| 008 | 140319s9999 xx 000 0 ara d | ||
| 040 |
_aGCL / _cGCL |
||
| 082 | 0 | 4 |
_a615.5 _bم غ |
| 100 | 1 | _aمحمد محمود عبدالله | |
| 245 | 1 | 0 |
_aالغذاء قبل الدواء / _cمحمد محمود عبدالله |
| 300 | _a111 | ||
| 490 |
_aكتاب _v0 |
||
| 650 | 0 | 4 | _aالطب |
| 650 | 0 | 4 | _aالادوية |
| 650 | 0 | 4 | _aالعلاج |
| 650 | 0 | 4 | _aالعلاج الطبيعى |
| 942 |
_2ddc _cBK |
||
| 999 |
_c42577 _d42577 |
||